00832cam a22002653a 45000010005000000030006000050050017000110080041000280400015000690420007000840500007000911000029000982450077001272600029002045060030002335160020002636530047002836530048003307000019003788300028003978560041004259420007004669990019004739520074004925453PGUSA20140828083120.0040401s2004||||xxu|||||s|||||000 1 eng d aPGUSAbeng adc 4aPT1 aEbers, Georg,d1837-189813aAn Egyptian Princess — Volume 04h[electronic resource] /cGeorg Ebers bProject Gutenberg,c2004 aPublic domain in the USA. aElectronic text aEgypt -- History -- To 332 B.C. -- Fiction aGerman fiction -- Translations into English1 aGrove, Eleanor 0aProject Gutenbergv545340uhttp://www.gutenberg.org/ebooks/5453 cEB c234782d234782 001040aGTBbGTBd2014-08-28l0r2014-08-28 00:00:00w2014-08-28yEB